Culegere de probleme de analiza matematica
Αποθηκεύτηκε σε:
| Κύριοι συγγραφείς: | , |
|---|---|
| Μορφή: | Βιβλίο |
| Γλώσσα: | Romanian |
| Δημοσίευση: |
Bucuresti :
Editura didactica si pedagogica,
1976
|
| Θέματα: | |
| Ετικέτες: |
Προσθήκη ετικέτας
Δεν υπάρχουν, Καταχωρήστε ετικέτα πρώτοι!
|
MARC
| LEADER | 00000cam a2200000 a 4500 | ||
|---|---|---|---|
| 001 | 1/107732 | ||
| 008 | 150730s1976####rm | ||| |||| ||rum|| | ||
| 040 | |a GR-MyUa |b gre |c GR-MyUa |e AACR2 | ||
| 041 | 0 | |a rum | |
| 082 | 7 | |a 510.76 |2 (23) | |
| 100 | 1 | |a Craiu, Mariana. | |
| 245 | 1 | 0 | |a Culegere de probleme de analiza matematica / |c Mariana Craiu ; Marcel N. Rosculet. |
| 260 | |a Bucuresti : |b Editura didactica si pedagogica, |c 1976 | ||
| 300 | |a 437 σ. : |b σχέδια ; |c 25 εκ. | ||
| 650 | 0 | |a Mathematical analysis |x Problems, exercises, etc. | |
| 700 | 1 | |a Rosculet, Marcel N. |e aut | |
| 852 | |a INST |b SAMOS |c MAG |e 20150730 |h 510.76 CRA |p 005300035019 |q 005300035019 |t BK |y 0 | ||
| 970 | |a Σιτζίμη |b Γιασεμή |z 30/07/2015 | ||